| 000 | 00803nam a2200253 a 4500 | ||
|---|---|---|---|
| 001 | |||
| 003 | DO-SdBNP | ||
| 005 | 20211013113705.0 | ||
| 008 | 180316s2017 dr r 000 p spa d | ||
| 020 | _a9789945168334 | ||
| 040 |
_aDO-SdBNP _bspa _cBPMSU |
||
| 082 |
_a RD863.5 _bT266v 2017 _222 |
||
| 100 | 1 | _aTejada, Rafael Antonio | |
| 245 | 1 | 3 |
_aLa vida y los tiempos / _cRafael Antonio Tejada. |
| 260 |
_aSanto Domingo : _bBúho, _c2017. |
||
| 300 |
_a80 p. ; _c22 cm. |
||
| 500 | _aIncluye datos biográficos del autor en la solapa de la cubierta. | ||
| 586 | _aMención de Honor Funglode/ GFDD 2014 Premio de Novela "Federico García Godoy" | ||
| 590 | _aInventariado, 2021/VM | ||
| 650 | 4 | _aNovela dominicana | |
| 650 | 4 | _aLiteratura dominicana | |
| 910 | _aVMateo V. | ||
| 942 |
_2ddc _cBK |
||
| 999 |
_c13425 _d13425 |
||